000 nam a22 7a 4500
999 _c9430
_d9430
008 180129b ||||| |||| 00| 0 eng d
100 _aSmith M
_95646
245 _aSoccer
260 _aKolkata
_c2007